| 000 | 00384nam a22001457a 4500 | ||
|---|---|---|---|
| 005 | 20200619140037.0 | ||
| 008 | 200619b xxu||||| |||| 00| 0 eng d | ||
| 082 | _a345.4 LIC | ||
| 110 |
_aALL INDIA REPORTER _96219 |
||
| 245 | _aLABOUR AND INDUSTRIAL CASES [1969] V-2 | ||
| 260 |
_aMUMBAI _bALL INDIA REPRTER Pvt.Ltd. _c1969 |
||
| 300 | _a1584p. | ||
| 650 |
_aLAW _95701 |
||
| 942 | _cJRL | ||
| 999 |
_c7315 _d7313 |
||